| 000 | 01088nam a22003017a 4500 | ||
|---|---|---|---|
| 001 | BR8807561 | ||
| 003 | BR-BrBNA | ||
| 005 | 20230928093116.0 | ||
| 007 | ta | ||
| 008 | 230509b bl.||||| |||| 00| 0 por d | ||
| 040 |
_aBR-BrBNA _bpor _cBiblioteca Nacional de Agricultura |
||
| 041 | _a(Por) | ||
| 072 |
_aF30 _b2480 _b3568 _b/G514 |
||
| 090 | _ 2480 BR8807561 | ||
| 110 | 1 |
_aSuperintendencia da Borracha, Brasilia, DF (Brasil); _910009 |
|
| 110 | 1 |
_aEmpresa Brasileira de Pesquisa Agropecuaria, Brasilia, DF (Brasil). Depto. de Difusao de Tecnologia _93839 |
|
| 111 | 1 |
_a1. Seminario Brasileiro sobre Recomendacoes de Clones de Seringueira _cBrasilia, DF (Brazil) _d22-26 Nov 1982 |
|
| 245 | 1 | _aAnais do 1. Seminario Brasileiro sobre Recomendacoes de Clones de Seringueira [Hevea brasiliensis] | |
| 260 | 3 |
_aBrasilia, DF (Brasil): _c1983. |
|
| 300 | _a196 p. | ||
| 650 | _aSERINGUEIRA | ||
| 650 | _aCLONE | ||
| 650 | _aCOMPORTAMENTO DE VARIEDADE | ||
| 650 | _aVARIEDADE RESISTENTE | ||
| 650 | _aINTRODUCAO DE PLANTA | ||
| 909 |
_a202309 _bLucia _c55 _dLucia Elande |
||
| 942 | _cBK | ||
| 999 |
_c43046 _d43046 |
||